[Event "Torredembarra op 8th"]
[Site "Torredembarra"]
[Date "2006.07.08"]
[Round "1"]
[White "Comes Nolla, Gabriel"]
[Black "Gonzalez Rodriguez, Jorge Armando"]
[Result "0-1"]
[WhiteElo "1796"]
[BlackElo "2447"]
[PlyCount "72"]
[EventDate "2006.07.08"]
[EventType "swiss"]
[EventRounds "9"]
[EventCountry "ESP"]
[SourceTitle "EXT 2019"]
[Source "ChessBase"]
[SourceDate "2018.10.10"]
[SourceVersion "1"]
[SourceVersionDate "2018.10.10"]
[SourceQuality "1"]

1. e4 c5 2. d3 e6 3. Nf3 d5 4. Nbd2 Nf6 5. g3 b5 6. Bg2 Bb7 7. 0-0 Be7 8. Ng5 h6 9. Nh3 Nc6 10. f4 dxe4 11. dxe4 e5 12. f5 c4 13. c3 0-0 14. Nf2 Qb6 15. Kh1 Rfd8 16. Ng4 Nb8 17. Nxf6+ Bxf6 18. Qg4 Nd7 19. Nf3 Kf8 20. Re1 Be7 21. Qh3 Bf6 22. g4 Nc5 23. Ng1 Nd3 24. Be3 Nf2+ 25. Bxf2 Qxf2 26. Re2 Qb6 27. Qh5 Bg5 28. h4 g6 29. fxg6 fxg6 30. hxg5 gxh5 31. gxh5 hxg5 32. Nf3 Qf6 33. Rf1 Kg7 34. Nh4 Qxf1+ 35. Bxf1 gxh4 36. Bh3 Kh6 0-1